Sangit Kumar Ragi, the puritan is political: Mapping Islamic radicalism (Record no. 525618)
[ view plain ]
| 000 -LEADER | |
|---|---|
| fixed length control field | 00696nam a22001457a 4500 |
| 008 - FIXED-LENGTH DATA ELEMENTS--GENERAL INFORMATION | |
| fixed length control field | 240328b ||||| |||| 00| 0 eng d |
| 100 ## - MAIN ENTRY--PERSONAL NAME | |
| Personal name | Mani, Shambhavi |
| 245 ## - TITLE STATEMENT | |
| Title | Sangit Kumar Ragi, the puritan is political: Mapping Islamic radicalism |
| 260 ## - PUBLICATION, DISTRIBUTION, ETC. (IMPRINT) | |
| Place of publication, distribution, etc | Indian Journal of Public Administration |
| 300 ## - PHYSICAL DESCRIPTION | |
| Extent | 70(1), Mar, 2024: p.223-225 |
| 520 ## - SUMMARY, ETC. | |
| Summary, etc | Sangit Kumar Ragi, The Puritan Is Political: Mapping Islamic Radicalism. Vitasta Publications, 2023, 441 pp., $29.99 (Hardcover). ISBN: 9789390961733. – Reproduced https://journals.sagepub.com/doi/full/10.1177/00195561231204602 |
| 773 ## - HOST ITEM ENTRY | |
| Main entry heading | Indian Journal of Public Administration |
| 906 ## - LOCAL DATA ELEMENT F, LDF (RLIN) | |
| Subject DIP | BOOK REVIEW |
| 942 ## - ADDED ENTRY ELEMENTS (KOHA) | |
| Item type | Articles |
| Withdrawn status | Lost status | Source of classification or shelving scheme | Damaged status | Not for loan | Permanent location | Current location | Date acquired | Serial Enumeration / chronology | Barcode | Date last seen | Koha item type |
|---|---|---|---|---|---|---|---|---|---|---|---|
| Indian Institute of Public Administration | Indian Institute of Public Administration | 2024-03-28 | 70(1), Mar, 2024: p.223-225 | AR131414 | 2024-03-28 | Articles |
